000 00342nam a2200145 a 4500
008 020611s1975||||xx 0 und c
040 _aSNK
_bslo
_cSNK
_eAACR2
100 1 _aMerle, Robert
245 1 0 _aSmrť je mojím remeslom
260 _aBratislava
_bTatran
_c1975
300 _a316 s.
041 _aslo
044 _axo
_cSK
020 _c24
999 _c12178
_d12178